Le classement final de la bundesliga (saison 2023-2024) - Statistiques

Statistiques générales
  • Ce quiz a été pris 40 fois
  • Le résultat moyen est 12 sur 18
Statistiques - réponses
Classement
Nombre
de points
Équipe % Correct
1 90 Bayer Leverkusen
100%
3 72 Bayern Munich
97%
5 63 Dortmund
95%
2 73 Stuttgart
92%
4 65 Leipzig
89%
15 33 Union Berlin
81%
17 27 Cologne
73%
6 47 Francfort
73%
12 37 Wolfsbourg
65%
16 33 Bochum
62%
9 42 Werder Breme
62%
7 46 Hoffenheim
57%
13 35 Mayence
51%
8 42 Heidenheim
49%
11 39 Augsbourg
46%
10 42 Fribourg
46%
18 17 Darmstadt
43%
14 34 Monchengladbach
43%
Aucun quiz correspondant
Distribution des résultats
% des personnes avec chaque résultat
Percentile par nombre de réponses
Votre historique - résultats
Vous n’avez pas pris ce quiz